<?xml version="1.0" encoding="UTF-8"?>
<record
    xmlns:xsi="http://www.w3.org/2001/XMLSchema-instance"
    xsi:schemaLocation="http://www.loc.gov/MARC21/slim http://www.loc.gov/standards/marcxml/schema/MARC21slim.xsd"
    xmlns="http://www.loc.gov/MARC21/slim">

  <leader>01094nab a2200229 i 4500</leader>
  <controlfield tag="001">BPP</controlfield>
  <controlfield tag="003">BPK</controlfield>
  <controlfield tag="005">20150224090236.0</controlfield>
  <controlfield tag="008">150224s1971    pl  |  |     |000 ||lpo</controlfield>
  <datafield tag="040" ind1=" " ind2=" ">
    <subfield code="c">BPK</subfield>
  </datafield>
  <datafield tag="080" ind1=" " ind2=" ">
    <subfield code="a">691</subfield>
  </datafield>
  <datafield tag="100" ind1=" " ind2=" ">
    <subfield code="a">MARCINKOWSKI, Stefan.</subfield>
    <subfield code="d">1969 - 1992.</subfield>
    <subfield code="b">Wy&#x17C;sza Szko&#x142;a In&#x17C;ynierska w Koszalinie - Wydzia&#x142; Budownictwa L&#x105;dowego,</subfield>
    <subfield code="c">Zesp&#xF3;&#x142; Technologii Materia&#x142;&#xF3;w i Element&#xF3;w Budowlanych</subfield>
  </datafield>
  <datafield tag="245" ind1=" " ind2=" ">
    <subfield code="a">Zastosowanie popio&#x142;&#xF3;w lotnych do produkcji spoiwa py&#x142;owo-wapienno-gipsowego /</subfield>
    <subfield code="c">Stefan Marcinkowski, Stanis&#x142;aw Babi&#x144;ski.</subfield>
  </datafield>
  <datafield tag="260" ind1=" " ind2=" ">
    <subfield code="c">1971.</subfield>
  </datafield>
  <datafield tag="500" ind1=" " ind2=" ">
    <subfield code="a">Dane z autopsji.</subfield>
  </datafield>
  <datafield tag="520" ind1=" " ind2=" ">
    <subfield code="a">W artykule om&#xF3;wiono mo&#x17C;liwo&#x15B;&#x107; i celowo&#x15B;&#x107; wykorzystania popio&#x142;&#xF3;w lotnych uzyskiwanych z urz&#x105;dze&#x144; odpylaj&#x105;cych zak&#x142;ad&#xF3;w energetycznych do produkcji spoiwa py&#x142;owo-wapienno-gipsowego. Om&#xF3;wiono tak&#x17C;e aktywno&#x15B;&#x107; pucolaniczn&#x105; popio&#x142;&#xF3;w lotnych.</subfield>
  </datafield>
  <datafield tag="650" ind1=" " ind2="0">
    <subfield code="a">Materia&#x142;y budowlane.</subfield>
  </datafield>
  <datafield tag="650" ind1=" " ind2="0">
    <subfield code="a">Materia&#x142;y wi&#x105;&#x17C;&#x105;ce.</subfield>
  </datafield>
  <datafield tag="650" ind1=" " ind2="0">
    <subfield code="a">Popi&#xF3;&#x142; lotny.</subfield>
  </datafield>
  <datafield tag="773" ind1=" " ind2=" ">
    <subfield code="i">W :</subfield>
    <subfield code="t">Ochrona Powietrza. -</subfield>
    <subfield code="g">R. 5, 1971, nr 4 (24), s. 17-20</subfield>
  </datafield>
  <datafield tag="942" ind1=" " ind2=" ">
    <subfield code="c">ART</subfield>
    <subfield code="2">UKD</subfield>
  </datafield>
  <datafield tag="999" ind1=" " ind2=" ">
    <subfield code="c">7037</subfield>
    <subfield code="d">7037</subfield>
  </datafield>
  <datafield tag="952" ind1=" " ind2=" ">
    <subfield code="0">0</subfield>
    <subfield code="1">0</subfield>
    <subfield code="4">0</subfield>
    <subfield code="7">0</subfield>
    <subfield code="a">BPK</subfield>
    <subfield code="b">BPK</subfield>
    <subfield code="o">0378</subfield>
    <subfield code="y">ART</subfield>
  </datafield>
</record>
